| 000 | 00000nas 2200000zi 4500 |
| 001 | 9.885885 |
| 003 | CaOODSP |
| 005 | 20250403110252 |
| 006 | m o d f |
| 007 | cr cn |||||||| |
| 008 | 180809c20209999onc x m o s f0 b0fre|d |
| 022 | |a2818-1190 |
| 040 | |aCaOODSP|bfre|erda|cCaOODSP |
| 043 | |an-cn--- |
| 086 | 1 |aCS45-28F-PDF |
| 222 | 0|aStatCan et la COVID-19 |
| 245 | 00|aStatCan et la COVID-19 : |bdes données aux connaissances, pour bâtir un Canada meilleur. |
| 264 | 1|a[Ottawa] : |bStatistique Canada = Statistics Canada, |c[2020]- |
| 310 | |aIrrégulier |
| 321 | |aTrois fois par semaine |
| 336 | |atexte|btxt|2rdacontent/fre |
| 337 | |ainformatique|bc|2rdamedia/fre |
| 338 | |aressource en ligne|bcr|2rdacarrier/fre |
| 362 | 1 |aParaît depuis : le 15 avril 2020. |
| 500 | |aPublié aussi en anglais sous le titre : StatCan COVID-19 : data to insights for a better Canada. |
| 500 | |aLes articles publié aussi en format HTML. |
| 520 | 2 |a« Une série d’articles sur divers sujets qui traitent des répercussions de la COVID-19 sur le plan socio-économique. De nouveaux articles seront diffusés de façon périodique. » |
| 588 | |aDescription d'après : le 15 avril 2020; titre de la page couverture du fichier PDF. |
| 588 | |aDernière livraison consultée : le 29 novembre 2022. |
| 650 | 6|aCOVID-19|xAspect social|zCanada|vStatistiques. |
| 650 | 6|aCOVID-19|xAspect économique|zCanada|vStatistiques. |
| 655 | 7|aStatistiques|2rvmgf |
| 710 | 2 |aStatistique Canada, |eorganisme de publication. |
| 775 | 08|tStatCan COVID-19 : |w(CaOODSP)9.885877 |
| 856 | 40|qHTML|ss.o.|uhttps://www150.statcan.gc.ca/n1/fr/catalogue/45280001|zPage web pour le produit StatCan 45-28-0001 |